01312nam a2200289 a 450000100100000000500170001000800410002704000250006808200290009311000330012224000180015524501260017324600690029925000120036826000330038030000200041359000270043365000760046065000690053665000540060565000620065965000490072171000710077091000370084195201270087899900170100500003905820241206085813.0110414s2007 dr f000 0 spa d aDO-SdBNPbspacBNPHU a344.0328292bR426L, 20071 aRepública Dominicana.944710a[Leyes, etc.]10aLey 24-97 que modifica el Código Penal Dominicano y sanciona la violencia contra la mujer, doméstica e intrafamiliar.14aLey no. 24-97 :bsobre violencia contra la mujer e intrafamiliar a7a. ed. aSanto Domingo :bSEM,c2007. a43 p. ;c21 cm. aInventariado, 2019/MFF 4aViolencia contra la mujerxLegislaciónzRepública Dominicana956156 4aViolencia familiarxLegislaciónzRepública Dominicana956157 4aViolencia infantilzRepública Dominicana965292 4aNiñosxSituación legalzRepública Dominicana964438 4aDerecho penalzRepública Dominicana9164701 aRepública Dominicana.bSecretaría de Estado de la Mujer938238 aValidado. Control de calidad MFF 0010718PDaPDbPDcHDd2013-05-17iLF1l0o344.0328292 R426L, 2007p39058-10r2020-06-25w2020-06-25yLFPDZNo se presta c38548d38548